South American Geography by Letter - R - Statistics

General Stats
  • This quiz has been taken 52 times
  • The average score is 7 of 19
Answer Stats
Clue Answer % Correct
City with the most famous Carnival Rio de Janeiro
98%
Currency of Brazil Real
91%
Colombia gets the most of this in the world, at 324 cm per year Rainfall
89%
City where frevo music originated Recife
68%
Third largest city in Argentina Rosario
64%
Indigenous group of Easter Island Rapa Nui
55%
Province in south-central Argentina Río Negro
45%
Brazil's southernmost state Rio Grande do Sul
32%
"South American ostrich" Rhea
27%
Flat-top mountain shared by Brazil, Guyana and Venezuela Mount {Roraima}
23%
Type of "boom" the above had Rubber
18%
State capital of Acre, Brazil Rio Branco
16%
State west of Mato Grosso Rondônia
16%
Dialect of Spanish in Buenos Aires {Rioplat}ense
14%
City in the state of São Paulo with a name meaning "Black Stream" Ribeirão Preto
9%
Uruguay department named for the country's first president Rivera
9%
Region surrounding the Bay of All Saints in Bahia, Brazil {Recôncavo} Baiano
7%
Capital of the Chaco province in northern Argentina Resistencia
7%
Ecuador city near Chimborazo Riobamba
2%
No matching quizzes found
Score Distribution
Percent of People with Each Score
Percentile by Number Answered
Your Score History
You have not taken this quiz